00776 2200277 4500001002100000005001500021035002000036007000300056008004100059020002200100082001400122084001600136100003200152245004300184300004200227650001900269264003600288336002100324337003000345338002300375040002200398090002200420850001200442999002200454990002200476INLIS00000000086874920220314022629 a0010-0322000415ta220314s2021 yoia | | ind d a978-602-6509-54-304223a780.1 a780.1 ALF m1 aAlfiah Akbar, M.ePengarang10aModul teori musik I /cM. Alfiah Akbar axi, 107 halaman :bilustrasi ;c20 cm 4aMusik--xTeori31aBantul :bISI Yogyakarta,c2020 2rdacontentateks 2rdamediaatanpa perantara 2rdacarrieravolume aYOPDYOGbinderda aCB-D.11 2020-3454 aYOPDYOG aCB-D.11/2020-3454 aCB-D.11/2020-3454